An east wind blowing /

Uloženo v:
Podrobná bibliografie
Hlavní autor: Keegan, Mel
Médium: Kniha
Jazyk:angličtina
Vydáno: London : The gay men's press, 1999
Tagy: Přidat tag
Žádné tagy, Buďte první, kdo vytvoří štítek k tomuto záznamu!

MARC

LEADER 00000nam a22000007i 4500
001 IT\ICCU\UBO\4887594
003 ItRI
005 20260115232007.0
008 250630s1999 xxk|||||| ||||| |||||c
020 |a 9780854492862 
040 |b ita  |c importazione bologna sebina 
041 7 |a eng  |2 ISO-639-2 
100 1 |a Keegan, Mel  |0 IT\ICCU\UBOV\817787 
240 1 3 |a An east wind blowing  |3 IT\ICCU\UBO\4887596  |9 Keegan, Mel 
245 1 3 |a An east wind blowing /  |c Mel Keegan. 
260 |a London :  |b The gay men's press,  |c 1999 
300 |a 268 p. ;  |c 20 cm 
942 |2 ddc  |c BK  |n 0 
952 |0 0  |1 0  |4 0  |6 DOC_823_914000000000000_KEE  |7 0  |9 18598  |a BO  |b BO  |d 2026-01-15  |i 20921  |l 0  |o DOC 823.914 KEE  |p BO20921  |r 2026-01-15 23:20:07  |w 2026-01-15  |x [Sebina 5] [1 v.]  |y BK  |z 1 v. 
999 |c 15762  |d 15762